Provinzen und Territorien von Kanada - Statistiken

Allgemein
  • Dieses Quiz wurde 1.037 mal gespielt
  • Das Durchschnittsergebnis liegt bei 8 aus 13
Antworten auf der Karte
Die Antworten werden auf der Karte rot bzw. grün angezeigt, abhängig davon wie oft sie richtig erraten wurden.
 
Antwortstatistiken
Antwort % Korrekt
Québec
91%
Ontario
79%
Alberta
77%
British Columbia
76%
Neufundland und Labrador
69%
Yukon
63%
Manitoba
53%
New Brunswick
49%
Nova Scotia
49%
Saskatchewan
49%
Nunavut
46%
Prince Edward Island
41%
Nordwest-Territorien
33%
Keine übereinstimmenden Quizze gefunden
Verteilung der Resultate
Anzahl Personen mit jedem Resultat
Perzentil nach korrekt beantworteten Fragen
Ihre Resultats-Entwicklung
Sie haben dieses Quiz noch nicht gespielt